00000000nam 2200000zi 4500
0019.946653
003CaOODSP
00520250109083222
006m     o  d f      
007cr mn|||||||||
008250109s1981    onca    or   f001 0 fre d
040 |aCaOODSP|bfre|erda|cCaOODSP
0410 |aeng|afre
043 |an-cn---
045 |ax8x8
0861 |aId36-17/1981-PDF
24500|aCanadian agricultural equipment = |bMatériel agricole canadien.
24611|aMatériel agricole canadien
264 1|a[Ottawa] : |bGovernment of Canada, Industry, Trade and Commerce = Gouvernement du Canada, Industrie et commerce, |c[1981?]
300 |a1 ressource en ligne (115 pages) : |billustrations (certaines en couleur)
336 |atexte|btxt|2rdacontent/fre
337 |ainformatique|bc|2rdamedia/fre
338 |aressource en ligne|bcr|2rdacarrier/fre
500 |a« Cette brochure est publiée par le ministère de l'Industrie et du Commerce du Canada … » -- Introduction, page 5.
500 |aComprend un index.
500 |aÉdition numérisée de l'imprimé [par Innovation, sciences et développement économique Canada].
546 |aTexte en anglais et en français.
650 6|aMachines agricoles|zCanada|vRépertoires.
650 6|aMachines agricoles|xIndustrie|zCanada|vRépertoires.
655 7|aRépertoires|2rvmgf
7101 |aCanada. |bMinistère de l'industrie et du commerce, |eorganisme de publication.
788 |tCanadian agricultural equipment = |eeng|w(CaOODSP)9.940593
85640|qPDF|s27.20 Mo|uhttps://publications.gc.ca/collections/collection_2025/isde-ised/Id36-17-1981.pdf